Groupuscules nationalistes révolutionnaires - Statistiques

Statistiques générales
  • Ce quiz a été pris 10 fois
  • Le résultat moyen est 12 sur 23
Statistiques - réponses
Ville Groupe % Correct
Lyon Audace
100%
Clermont-Ferrand Clermont Non-Conforme
100%
Rennes Oriflamme
100%
Versailles Auctorum Versailles
75%
Tours Des Tours et des Lys
75%
Nantes Ligue Ligérienne
75%
Paris Luminis
75%
Angers Rassemblement des Étudiants de droite
75%
Aix, Avignon Tenesoun
75%
Bourges Animus Fortis
50%
Vannes An Tour-Tan
50%
Montpellier Bloc Montpelliérain
50%
Strasbourg Gargouilles Strasbourg
50%
Dijon Helix Dijon
50%
Bordeaux La Bastide Bordelaise
50%
Nice Aquila Popularis
25%
Paris Hussards Paris
25%
Laval Meduana Noctua
25%
Perpignan Unité Sud
25%
Chambéry Valyor Chambéry
25%
Villefranche Columna
0%
Lorient La Digue
0%
Strasbourg Les Lansquenets
0%
Aucun quiz correspondant
Distribution des résultats
% des personnes avec chaque résultat
Percentile par nombre de réponses
Votre historique - résultats
Vous n’avez pas pris ce quiz